| 000 | 00400nam a2200169 4500 | ||
|---|---|---|---|
| 001 | 43287 | ||
| 090 | _a43287 | ||
| 100 | _a20240621 pory50 | ||
| 101 | _apor | ||
| 102 | _aPT | ||
| 200 |
_aCuida do teu planeta _fLauren Child _gBriget Hurst _gTiger Aspect |
||
| 205 | _a1.ยช ed. | ||
| 210 |
_a[S.l.] _cOficina do livro _d2008 |
||
| 215 | _a1 v. | ||
| 675 | _a502/504 | ||
| 801 |
_aPT _gRPC |
||
| 990 | _cLIVROS | ||